Textbook of machine drawing (Record no. 184361)

000 -LEADER
fixed length control field 00356nam a2200133Ia 4500
008 - FIXED-LENGTH DATA ELEMENTS--GENERAL INFORMATION
fixed length control field 220217s9999||||xx |||||||||||||| ||und||
020 ## - INTERNATIONAL STANDARD BOOK NUMBER
International Standard Book Number 812908248
082 ## - DEWEY DECIMAL CLASSIFICATION NUMBER
Classification number 620.004 DHA
100 ## - MAIN ENTRY--PERSONAL NAME
Personal name Dhawan, R K
245 #0 - TITLE STATEMENT
Title Textbook of machine drawing
260 ## - PUBLICATION, DISTRIBUTION, ETC.
Place of publication, distribution, etc. S. Chand & company Ltd.
Name of publisher, distributor, etc. New Delhi
Date of publication, distribution, etc. 2009
300 ## - PHYSICAL DESCRIPTION
Extent 663p
Other physical details 300
650 ## - SUBJECT ADDED ENTRY--TOPICAL TERM
Topical term or geographic name entry element CAD/CAM
9 (RLIN) 5854
Holdings
Withdrawn status Lost status Damaged status Not for loan Collection code Home library Current library Shelving location Date acquired Full call number Barcode Date last seen Price effective from Koha item type
        Mechanical Engineering Central Library Central Library Reference 02/18/2022 620.004 DHA 19550 02/18/2022 02/18/2022 Books

Powered by Koha